书目信息 |
| 题名: |
油画基础教程
|
|
| 作者: | 高飞 著 | |
| 分册: | 林景篇 | |
| 出版信息: | 北京 人民邮电出版社 2020.01 |
|
| 页数: | 192页 | |
| 开本: | 26cm | |
| 丛书名: | ||
| 单 册: | ||
| 中图分类: | J213 , J213.26 | |
| 科图分类: | ||
| 主题词: | 油画技法--you hua ji fa--教材 , 风景画--feng jing hua--油画技法--教材 | |
| 电子资源: | ||
| ISBN: | 978-7-115-52546-8 | |
| 000 | 00997nam 2200277 450 | |
| 001 | 202020139962 | |
| 005 | 20200926181351.0 | |
| 010 | @a978-7-115-52546-8@dCNY79.80 | |
| 100 | @a20200917d2020 em y0chiy50 ea | |
| 101 | 0 | @achi |
| 102 | @aCN@b110000 | |
| 105 | @aa z 000yy | |
| 106 | @ar | |
| 200 | 1 | @a油画基础教程@Ayou hua ji chu jiao cheng@i林景篇@f高飞著/绘 |
| 210 | @a北京@c人民邮电出版社@d2020.01 | |
| 215 | @a192页@c图 (部分彩图)@d26cm | |
| 314 | @a高飞, 作家、画家、诗人。 | |
| 330 | @a这是一本案例丰富, 技法多样, 且讲解极为细致的油画林景技法书。通过本书, 您可以跟着高飞老师深入学习油画风景的绘画技法。内容包括: 油画小白掌握这些基础知识就够了 ; 林景油画技法简单入门 ; 林景油画技法简单应用。 | |
| 517 | 1 | @a林景篇@Alin jing pian |
| 606 | 0 | @a油画技法@Ayou hua ji fa@j教材 |
| 606 | 0 | @a风景画@Afeng jing hua@x油画技法@j教材 |
| 690 | @aJ213@v5 | |
| 690 | @aJ213.26@v5 | |
| 701 | 0 | @a高飞@Agao fei@4著 |
| 801 | 0 | @aCN@c20200115 |
| 905 | @a河南城建学院图书馆@dJ213@eG123 | |
| 油画基础教程.林景篇/高飞著/绘.-北京:人民邮电出版社,2020.01 |
| 192页:图 (部分彩图);26cm |
| ISBN 978-7-115-52546-8:CNY79.80 |
| 这是一本案例丰富, 技法多样, 且讲解极为细致的油画林景技法书。通过本书, 您可以跟着高飞老师深入学习油画风景的绘画技法。内容包括: 油画小白掌握这些基础知识就够了 ; 林景油画技法简单入门 ; 林景油画技法简单应用。 |
| ● |
| 相关链接 |
|
|
|
正题名:油画基础教程
索取号:J213/G123
 
预约/预借
| 序号 | 登录号 | 条形码 | 馆藏地/架位号 | 状态 | 备注 |
| 1 | 1490109 | 214901098 | 社科库309/309社科库 69排4列1层/ [索取号:J213/G123] | 在馆 | |
| 2 | 1490110 | 214901105 | 社科库309/309社科库 69排4列1层/ [索取号:J213/G123] | 在馆 |